000 01034pam a2200301 a 4500
001 3999315
003 OSt
005 20211026155935.0
008 960903s1997 caua b 001 0 eng
010 _a 96035230
020 _a0534508839
038 _akhadija
040 _aDLC
_cDLC
_dDLC
050 0 0 _aTA340
_b.L34 1997
082 0 0 _a620.0072
_220
_bLAP
100 1 _aLapin L. Lawrence
_983401
245 1 0 _aModern Engineering Statistics\
_cLawrence L. Lapin
260 _aBelmont, CA :
_bDuxbury Press,
_cc1997.
300 _axv, 583 p. :
_bill. ;
_c24 cm. +
_e1 computer disk (3 1/2 in.)
500 _a"An Alexander Kugushev book."
504 _aIncludes bibliographical references (p. 555-557) and index.
563 _ahardcover
650 0 _aEngineering
_xStatistical methods.
_9129
650 0 _aProbabilities.
_979
906 _a7
_bcbu
_corignew
_d1
_eocip
_f19
_gy-gencatlg
942 _2ddc
_cBK
999 _c31710
_d31710